000 00379nam a2200193Ia 4500
001 13698
003 GE_BSU
008 181216s||||||||xx |||||||||||||| ||und||
040 _cGE_BSU
080 _a821.111-3
100 _aSharpe,Tom
245 _aWilt
260 _aLondon
260 _bPan books
260 _c1976
300 _a220p.18cm.
653 _aWilt
942 _cBK
999 _c46846
_d46846